[Event "Cholet-E"]
[Site "Cholet"]
[Date "2011.03.06"]
[Round "2"]
[White "Sellier, Charlotte"]
[Black "Mezroub, Driss"]
[Result "1-0"]
[WhiteElo "1250"]
[BlackElo "1499"]
[PlyCount "61"]
[EventDate "2011.03.05"]
[EventType "tourn"]
[EventRounds "9"]
[EventCountry "FRA"]
[SourceTitle "EXT 2012"]
[Source "ChessBase"]
[SourceDate "2011.11.24"]
[SourceVersion "1"]
[SourceVersionDate "2011.11.24"]
[SourceQuality "1"]

1. e4 e5 2. Nf3 b6 3. Nc3 Bb7 4. d4 f6 5. Bc4 Bb4 6. 0-0 exd4 7. Qxd4 Bxc3 8. bxc3 Qe7 9. Re1 c5 10. Qd3 Nc6 11. Bd5 Qd6 12. Bf7+ Kf8 13. Qxd6+ Nce7 14. Bd5 Bxd5 15. exd5 Re8 16. Qxd7 Nh6 17. Qxa7 Nhf5 18. c4 Rd8 19. Qxb6 Kf7 20. g4 Rb8 21. Qxc5 Rhe8 22. gxf5 Rbc8 23. Qd4 Nxf5 24. Qd3 Rxe1+ 25. Nxe1 Re8 26. Ba3 g6 27. d6 Re5 28. d7 Rxe1+ 29. Rxe1 Ne7 30. Rxe7+ Kg8 31. d8R# 1-0

[Event "Cholet-E"]
[Site "Cholet"]
[Date "2011.03.05"]
[Round "1"]
[White "Mezroub, Driss"]
[Black "Lege, Timothee"]
[Result "0-1"]
[WhiteElo "1499"]
[BlackElo "1199"]
[PlyCount "90"]
[EventDate "2011.03.05"]
[EventType "tourn"]
[EventRounds "9"]
[EventCountry "FRA"]
[SourceTitle "EXT 2012"]
[Source "ChessBase"]
[SourceDate "2011.11.24"]
[SourceVersion "1"]
[SourceVersionDate "2011.11.24"]
[SourceQuality "1"]

1. e4 c5 2. Na3 g6 3. d3 Bg7 4. Bf4 d6 5. c3 a6 6. d4 cxd4 7. cxd4 e5 8. Nf3 exf4 9. Bc4 b5 10. Bb3 Bb7 11. d5 Bxb2 12. Nc2 Bc3+ 13. Nd2 Bxa1 14. Qxa1 Nf6 15. e5 dxe5 16. Qxe5+ Qe7 17. Qxe7+ Kxe7 18. Kd1 Re8 19. Re1+ Kf8 20. Rxe8+ Kxe8 21. d6 Bxg2 22. Nd4 Ne4 23. Bd5 Nc3+ 24. Kc2 Nxd5 25. f3 Kd7 26. N2b3 Kxd6 27. Na5 Kc5 28. Ne2 Bxf3 29. Nb3+ Kc4 30. Ned4 Be4+ 31. Kd2 f3 32. Nc6 Nxc6 33. Nc1 Bb1 34. Nb3 Bxa2 35. Nc1 Bb1 36. h3 Nf4 37. Ke3 Ne2 38. Nxe2 fxe2 39. Kxe2 a5 40. Kd2 a4 41. h4 a3 42. Kc1 a2 43. Kb2 a1Q+ 44. Kc1 Ra2 45. Kd1 Bf5# 0-1